ბათუმის შოთა რუსთაველის სახელმწიფო უნივერსიტეტის ბიბლიოთეკა

თხზულებანი. ტ. 2 : (ბიბ.ჩანაწერი № 55836)

000 -ლიდერი
ფიქსირებული სიგრძის საკონტროლო ველი 01358nam a2200241Ia 4500
001 - საკონტროლო ნომერი
საკონტროლო ველი 22933
003 - საკონტროლო ნომრის იდენტიფიკატორი
საკონტროლო ველი GE_BSU
005 - ბოლო ოპერაციის თარიღი და დრო
საკონტროლო ველი 20230602105810.0
008 - ფიქსირებული სიგრძის მონაცემთა ელემენტები - ზოგადი ინფორმაცია
ფიქსირებული სიგრძის საკონტროლო ველი 181216s ||||ge |||||||||||||| ||geo||
040 ## - კატალოგიზაციის წყარო
Transcribing agency GE_BSU
041 ## - ენის კოდი
Language code of text/sound track or separate title geo
080 ## - უნივერსალური ათობითი კლასიფიკაციის ინდექსი
Universal Decimal Classification number 821.353.1.09 ზ-27
100 ## - მთავარი ჩანაწერი - პიროვნების სახელი
Personal name ზანდუკელი, მიხეილ
9 (RLIN) 18414
245 ## - ცნობა სათაურის შესახებ
Title თხზულებანი. ტ. 2 :
Remainder of title ახალი ქართული ლიტერატურა /
Statement of responsibility, etc მიხეილ ზანდუკელი ; სარედ. კოლ. : პ. კეკელიძე, გ. კიკნაძე, ნ. ტაბიძე და სხვ. ; მე-2 ტომი რედ. : პროკელე კეკელიძე, ნოდარ ტაბიძე.
264 ## - წარმოების, გამოცემის, დისტრიბუციის და სხვა ცნობები
გამოცემის, წარმოების, დისტრიბუციის... ადგილი თბილისი :
გამოცემის, წარმოების, დისტრიბუციის... სახელწოდება თბილ. უნ-ტის გამ-ბა,
გამოცემის, წარმოების, დისტრიბუციის... თარიღი 1976.
300 ## - ფიზიკური აღწერა
Extent 831 გვ. ;
Dimensions 22 სმ.
500 ## - ზოგადი შენიშვნა
General note პირთა საძიებელი : გვ. 825-830
653 ## - INDEX TERM--UNCONTROLLED
Uncontrolled term ახალი ქართული ლიტერატურის ისტორია და კრიტიკა
653 ## - INDEX TERM--UNCONTROLLED
Uncontrolled term თხზულებანი. ტ. 2, ახალი ქართული ლიტერატურა
653 ## - INDEX TERM--UNCONTROLLED
Uncontrolled term ქართული ლიტერატურა
942 ## - ADDED ENTRY ELEMENTS (KOHA)
Koha item type წიგნი
Source of classification or shelving scheme
ეგზემპლარები
ჩამოწერის სტატუსი დაკარგული ეგზემპლარის სტატუსი კლასიფიკაციის წყარო ან თაროზე გაწყობის სქემა დაზიანების სტატუსი არ გაიცემა მუდმივი მდებარეობა (დაცვის ადგილი) ამჟამინდელი ადგილსამყოფელი თაროზე განთავსების ადგილი შეძენის თარიღი ღირებულება, შესყიდვის ნორმალური ფასი სრული შენახვის შიფრი შტრიხკოდი ბოლო ოპერაციის თარიღი ეგზემპლარის მიმდევრობითი ნომერი (კეტერი?) ფასის ძალაში შესვლის თარიღი ეგზემპლარის სახეობა საჯარო შენიშვნა
          ბათუმის შოთა რუსთაველის სახელმწიფო უნივერსიტეტის მთავარი ბიბლიოთეკა ბათუმის შოთა რუსთაველის სახელმწიფო უნივერსიტეტის მთავარი ბიბლიოთეკა წიგნსაცავი 2018-12-17 7.18 821.353.1.09 ზ-27 58359 2018-12-17 58359 2018-12-17 წიგნი 7.18 ₾.